States of Germany - Statistics

General Stats
  • This quiz has been taken 9 times
  • The average score is 13 of 16
Answer Stats
State % Correct
B{erlin}
100%
H{esse}
100%
B{remen}
83%
H{amburg}
83%
S{aarland}
83%
S{axony}
83%
S{axony}-A{nhalt}
83%
S{chleswig}-H{olstein}
83%
T{huringia}
83%
B{aden}-W{ürttemberg}
67%
B{avaria}
67%
B{randenburg}
67%
L{ower} S{axony}
67%
M{ecklenburg}-V{orpommern}
67%
N{orth} R{hine}-W{estphalia}
67%
R{hineland}-P{alatinate}
67%
No matching quizzes found
Score Distribution
Percent of People with Each Score
Percentile by Number Answered
Your Score History
You have not taken this quiz